Fundamentos de ecología: un enfoque ecosistémico / (Registro nro. 17859)
[ vista simple ]
| 000 -CABECERA | |
|---|---|
| Campo de control | 00968nam a2200265 a 4500 |
| 005 - FECHA Y HORA DE LA ULTIMA TRANSACCION | |
| Campo de control | 20180803170203.0 |
| 008 - ELEMENTOS DE LONGITUD FIJA—INFORMACION GENERAL | |
| Campo de control | 150706s2015 ck a gr 00010 spa d |
| 020 ## - ISBN | |
| ISBN | 9789587752373 |
| 040 ## - FUENTE DE CATALOGACIÓN | |
| Agencia catalogadora original | CO-BoBLA |
| Agencia transcriptora | CO-BoBLA |
| Agencia Modificadora | CO-BoIAVH |
| 041 0# - IDIOMA | |
| Código de idioma para texto/pista de sonido o título separado | Español |
| 044 ## - PAÍS DE PUBLICACIÓN | |
| País de publicación | Colombia |
| 082 04 - NUMERO DE CLASIFICACION DECIMAL DEWEY | |
| Número de clasificación | 577.1 |
| Número del ítem | D67f |
| 100 1# - ASIENTO PRINCIPAL--NOMBRE PERSONAL | |
| Nombre personal | Donato Rondón, John Charles |
| 9 (RLIN) | 16431 |
| 245 10 - MENCION DE TITULO | |
| Título | Fundamentos de ecología: un enfoque ecosistémico / |
| Mención de responsabilidad | Jhon Charles Donato Rondón. |
| 260 ## - PUBLICACION, DISTRIBUCION, ETC. (PIE DE IMPRENTA) | |
| Lugar de publicación, distribución, etc. | Bogotá : |
| Nombre del editor, distribuidor, etc. | Universidad Nacional de Colombia. Facultad de Ciencias. Departamento de Biología, |
| Fecha de publicación, distribución, etc. | 2015. |
| 300 ## - DESCRIPCION FISICA | |
| Extensión | 162 páginas : |
| Otros detalles físicos | ilustraciones, gráficos ; |
| Dimensiones | 24 cm. |
| 490 1# - MENCION DE SERIE | |
| Mención de serie | Colección textos |
| 504 ## - NOTA DE BIBLIOGRAFIA, ETC. | |
| Nota de bibliografía | Incluye referencias bibliográficas (páginas 149-162) |
| 650 #6 - ASIENTO SECUNDARIO DE MATERIA - TERMINO TEMATICO | |
| Término temático o nombre geográfico como elemento de entrada | Ecología. |
| 9 (RLIN) | 92250 |
| 650 #6 - ASIENTO SECUNDARIO DE MATERIA - TERMINO TEMATICO | |
| Término temático o nombre geográfico como elemento de entrada | Ecosistemas. |
| 9 (RLIN) | 92256 |
| 650 #6 - ASIENTO SECUNDARIO DE MATERIA - TERMINO TEMATICO | |
| Término temático o nombre geográfico como elemento de entrada | Medio Ambiente |
| 9 (RLIN) | 41520 |
| 650 #6 - ASIENTO SECUNDARIO DE MATERIA - TERMINO TEMATICO | |
| Término temático o nombre geográfico como elemento de entrada | Ciencias ambientales |
| 9 (RLIN) | 41521 |
| 650 #4 - ASIENTO SECUNDARIO DE MATERIA - TERMINO TEMATICO | |
| Término temático o nombre geográfico como elemento de entrada | Protección de los recursos naturales. |
| 9 (RLIN) | 41522 |
| 942 ## - ELEMENTOS ADICIONALES (KOHA) | |
| Sistema de clasificación | Dewey Decimal Classification |
| Tipo de ítem | Libro |
| Withdrawn status | Lost status | Sistema de Clasificación | Damaged status | No para préstamo | Colección | Inventariado | Ubicación Permanente | Ubicación actual | Fecha de adquisición | Fuente de Valor | Valor | Total Checkouts | Número topográfico | Inventario / Código de Barras | Date last seen | Ejemplar | Price effective from | Forma de adquisición | Tipo de material |
|---|---|---|---|---|---|---|---|---|---|---|---|---|---|---|---|---|---|---|---|
| Dewey Decimal Classification | Procesos Técnicos | General | Inventariado 2017 | Bogotá | Bogotá | 12/11/2015 | Instituto | 39000.00 | LB-577.1 D67f | 039362 | 12/11/2015 | Ej. 1 | 12/11/2015 | Libro |